| 000 | 00561nam a2200193Ia 4500 | ||
|---|---|---|---|
| 008 | 220216s9999 xx 000 0 und d | ||
| 100 | _aStarmer Philip H | ||
| 245 | 0 | _aSwelling of nitrile rubber vulcanizates. Part 3. Factors affecting maximum swelling | |
| 260 |
_bJournal of Elastomers and Plastics _c1993 |
||
| 300 | _a188-215 | ||
| 650 | _aacid-base interactions | ||
| 650 | _aAcrylonitrile | ||
| 650 | _aButadiene polymers | ||
| 650 | _aMolar volume | ||
| 650 | _aNitrile rubber | ||
| 650 | _aPolarity index | ||
| 650 | _aSolvents | ||
| 942 | _cJS | ||
| 999 |
_c70100 _d70100 |
||